| 000 | 00643nam a2200241Ia 4500 | ||
|---|---|---|---|
| 003 | OSt | ||
| 005 | 20220924115001.0 | ||
| 006 | a|||||r|||| 00| 0 | ||
| 007 | ta | ||
| 008 | 220923b |||||||| |||| 00| 0 ben d | ||
| 020 | _a8172932932928 | ||
| 024 | _a294959 | ||
| 037 | _cTextual | ||
| 040 |
_aARTS _cARTS _bben |
||
| 041 |
_2ben _aben |
||
| 082 | _aO157,3x, M01 | ||
| 100 |
_aMitra Gajendra Kumar _9176346 |
||
| 245 | 0 | _aShantiparva | |
| 260 |
_aCalcutta _bMitra & Ghosh Pub India _c1980 |
||
| 650 | _aBENGALI LITERATURE | ||
| 942 |
_hO157,3x, M01 _cTEXL _2CC |
||
| 999 |
_c396266 _d396266 |
||